|
|
|
|
| LEADER |
00000cam a22000004a 4500 |
| 001 |
musev2_46689 |
| 003 |
MdBmJHUP |
| 005 |
20230905044859.0 |
| 006 |
m o d |
| 007 |
cr||||||||nn|n |
| 008 |
130308s2013 mnu o 00 0 eng d |
| 020 |
|
|
|a 9780814680865
|
| 020 |
|
|
|z 0814680771
|
| 020 |
|
|
|z 0814680860
|
| 020 |
|
|
|z 9780814680773
|
| 035 |
|
|
|a (OCoLC)966819380
|
| 040 |
|
|
|a MdBmJHUP
|c MdBmJHUP
|
| 100 |
1 |
|
|a Kelly, Thomas M.,
|d 1969-
|
| 245 |
1 |
0 |
|a When the Gospel Grows Feet :
|b Rutilio Grande, SJ, and the Church of El Salvador; An Ecclesiology in Context /
|c Thomas M. Kelly.
|
| 264 |
|
1 |
|a Collegeville, Minnesota :
|b Liturgical Press,
|c [2013]
|
| 264 |
|
3 |
|a Baltimore, Md. :
|b Project MUSE,
|c 2017
|
| 264 |
|
4 |
|c ©[2013]
|
| 300 |
|
|
|a 1 online resource (296 pages).
|
| 336 |
|
|
|a text
|b txt
|2 rdacontent
|
| 337 |
|
|
|a computer
|b c
|2 rdamedia
|
| 338 |
|
|
|a online resource
|b cr
|2 rdacarrier
|
| 500 |
|
|
|a "A Michael Glazier book."
|
| 505 |
0 |
|
|a Church and state in colonial times -- Theological and philosophical roots of the conquest -- A new mission of the church for the world -- Medellín : Latin America's response to the new mission of the church -- Rutilio Grande, SJ : pastoral formation and early ministry -- A turning point for Rutilio : pastoral formation at the IPLA -- Rutilio Grande : the gospel grows feet in Aguilares (part 1) -- Rutilio Grande : the gospel grows feet in Aguilares (part 2) -- The road to martyrdom : the final months of Rutilio Grande -- What Rutilio Grande, SJ, can teach the church of North America.
|
| 546 |
|
|
|a English.
|
| 588 |
|
|
|a Description based on print version record.
|
| 600 |
1 |
7 |
|a Grande, Rutilio,
|d 1928-1977.
|2 fast
|0 (OCoLC)fst00055250
|
| 600 |
1 |
1 |
|a Grande, Rutilio,
|d 1928-1977.
|
| 600 |
1 |
0 |
|a Grande, Rutilio,
|d 1928-1977.
|
| 610 |
2 |
7 |
|a Catholic Church.
|2 fast
|0 (OCoLC)fst00531720
|
| 610 |
2 |
6 |
|a Église catholique
|x Histoire
|y 20e siecle.
|
| 610 |
2 |
0 |
|a Catholic Church
|z El Salvador
|x History
|y 20th century.
|
| 651 |
|
7 |
|a El Salvador.
|2 fast
|0 (OCoLC)fst01205530
|
| 651 |
|
0 |
|a El Salvador
|x Church history
|y 20th century.
|
| 650 |
|
7 |
|a Christianity.
|2 hilcc
|
| 650 |
|
7 |
|a Philosophy & Religion.
|2 hilcc
|
| 650 |
|
7 |
|a Religion.
|2 hilcc
|
| 650 |
|
7 |
|a RELIGION
|x Institutions & Organizations.
|2 bisacsh
|
| 655 |
|
7 |
|a History.
|2 fast
|0 (OCoLC)fst01411628
|
| 655 |
|
7 |
|a Church history.
|2 fast
|0 (OCoLC)fst01411629
|
| 655 |
|
7 |
|a Electronic books.
|2 local
|
| 710 |
2 |
|
|a Project Muse.
|e distributor
|
| 830 |
|
0 |
|a Book collections on Project MUSE.
|
| 856 |
4 |
0 |
|z Texto completo
|u https://projectmuse.uam.elogim.com/book/46689/
|
| 945 |
|
|
|a Project MUSE - Custom Collection
|
| 945 |
|
|
|a Project MUSE - Archive Complete Supplement V
|
| 945 |
|
|
|a Project MUSE - Archive Philosophy and Religion Supplement V
|